Missing Word: Movie Jacks Quiz Stats

 Plays Quiz Updated Oct 30, 2017

Challenge
Share
Tweet
Embed
Score 0/20 Timer 02:00
0 Plays Today
Actor Missing Word % Correct
Jack NicholsonGood
98.5%
Jack NicholsonFlew
98.2%
Jack NicholsonMen
97.5%
Jack BlackPanda
96.7%
Jack LemmonLike
96%
Jack NicholsonManagement
95.8%
Jack BlackTravels
95.1%
Jack BlackSchool
92.5%
Jack McBrayerSarah
90.6%
Jack McBrayerWreck
88%
Actor Missing Word % Correct
Jack LemmonCouple
87.6%
Jack BlackTropic
75.9%
Jack LemmonRoss
75.4%
Jack NicholsonBucket
67.8%
Jack BlackKong
66.8%
Jack McBrayerBallad
57.1%
Jack LemmonMister
36.8%
Jack McBrayerWalk
35.3%
Jack LemmonMurder
30.9%
Jack McBrayerWords
7.3%

Today's Daily Dose

You're not logged in!

Compare scores with friends on all Sporcle quizzes.
Join for Free
OR
Log In

You Might Also Like...

Show Comments

Extras

Top Quizzes Today


Score Distribution

Your Account Isn't Verified!

In order to create a playlist on Sporcle, you need to verify the email address you used during registration. Go to your Sporcle Settings to finish the process.

Report this User

Report this user for behavior that violates our Community Guidelines.

Details: